000 00677nam a2200289Ia 4500
005 20260324144041.0
008 008 260324s9999 xx 000 0 eng d
020 _a9780203083116
037 _aEBOOK
040 _aCRL
040 _beng
040 _cCRL
041 _2eng
041 _aeng
084 _qCRL
100 _aHilary Gatti
_91196077
245 4 _aThe Renaissance Drama of Knowledge
245 0 _bGiordano Bruno in England
260 _bTaylor and Francis
260 _c1989
365 _a
365 _b230
856 _uhttp://www.taylorfrancis.com/books/9780203083116
942 _cEBOOK
999 _c1824038
_d1824038